000 01471nam a2200337 i 4500
003 DO-SdBNP
005 20250515124809.0
007 ta
008 250515b2024 dr a|||| |||| 00| 0 spa d
020 _a9789945634327
040 _aDO-SdBNP
_bspa
_cBNPHU
_erda
041 _aspa
082 4 _axxx
_bJ38i
_222
100 1 _aJavier Luis, Rafael
_eautor
_4aut.
_d1964-
_987779
245 1 0 _aInmigrantes de las Antillas británicas en la República Dominicana :
_bcocolos en San Pedro de Macorís y La Romana 1870-1950 /
_cJarvis Luis, Rafael ; corrección de estilo Daniel García ; diseño y diagramación Eric Simó ; diseño de cubierta Melissa Moquete ; prólogo, Humberto García Muniz.
250 _aPrimera edición
264 4 _aSanto Domingo, República Dominicana :
_bInstituto Nacional de Migración de la República Dominicana,
_c©2024.
300 _a531 páginas :
_bilustraciones, fotografías, tablas
_c23 cm.
336 _atexto
_btxt
_2rdacontent
337 _asin mediación
_bn
_2rdamedia
338 _avolumen
_bnc
_2rdacarrier
500 _aIncluye datos biográficos del autor en las solapas
500 _aIncluye índice onomástico
504 _aBibliografía: páginas 459-520
700 1 _aGarcía, Daniel,
_ecorrector
_4corr.
_979333
700 1 _aMoquete, Melissa,
_ediseño
_4di.
_987780
700 1 _aSimó, Eric,
_ediseño
_4di.
_9313
700 1 _aGarcía Muniz, Humberto
_eprologuista
_4pr.
_969157
910 _aLP
942 _2ddc
_cLBS1
999 _c58452
_d58452